000 00427nam a2200181Ia 4500
001 9784
005 20260306161744.0
008 260306t2004||||xx |||||||||||||| ||spa||
041 _aESP
082 _a460.0985
_bP46
100 _aPérez Silva, Jorge Iván
_eAUT
245 0 _aLos castellanos del Perú
260 _c2004
300 _a78 páginas :
_c19 cm.
650 _aGEN
654 _aCHU
942 _cLIB
_dJUS
_fJUS
_2ddc
_n
999 _c9784
_d9784